[Event "CZE-ch Seniors 60"]
[Site "Rychnov nad Kneznou"]
[Date "2015.08.16"]
[Round "2"]
[White "Janecek, Frantisek"]
[Black "Klimes, Jiri"]
[Result "1/2-1/2"]
[WhiteElo "1697"]
[BlackElo "1882"]
[PlyCount "88"]
[EventDate "2015.08.15"]
[EventType "swiss"]
[EventRounds "9"]
[EventCountry "CZE"]
[SourceTitle "EXT 2016"]
[Source "ChessBase"]
[SourceDate "2015.10.08"]
[SourceVersion "1"]
[SourceVersionDate "2015.10.08"]
[SourceQuality "1"]

1. c4 e5 2. Nc3 Nf6 3. g3 d5 4. cxd5 Nxd5 5. Bg2 c6 6. Nf3 Bd6 7. 0-0 0-0 8. d3 Nd7 9. Ne4 Be7 10. d4 exd4 11. Nxd4 N7f6 12. e3 Re8 13. a3 Qb6 14. Qc2 g6 15. Rb1 Nxe4 16. Bxe4 Bf6 17. Rd1 Bxd4 18. Rxd4 Nf6 19. Bd3 Be6 20. b4 Rad8 21. Bb2 Rxd4 22. Bxd4 Qd8 23. Qb2 Nh5 24. Be2 Bf5 25. Rc1 Bh3 26. Bf1 Bxf1 27. Rxf1 Re6 28. f4 f5 29. Qb3 Kf7 30. Rd1 Qd5 31. Qxd5 cxd5 32. Be5 Nf6 33. h3 Rc6 34. Bxf6 Kxf6 35. Rxd5 Rc3 36. Rd7 Rxe3 37. Kf2 Rxa3 38. Rxb7 h5 39. b5 Ke6 40. Rc7 Rb3 41. Rxa7 Rxb5 42. Ra6+ Kf7 43. Ra3 Ke6 44. Kf3 Kd5 1/2-1/2